The United States 20th Century Half-Decades by Pictures - Statistics

General Stats
  • This quiz has been taken 34 times
  • The average score is 15 of 20
Answer Stats
Picture Hint Answer % Correct
late 1970s First Star Wars movie [1977]
100%
late 1960s Neil Armstrong & crew land on the Moon [1969]
100%
late 1930s Superman is created [first published in 1938]
100%
early 1980s Thriller by Michael Jackson [1982-1984]
100%
early 1910s Titanic sinks [1912]
100%
early 1930s Col. Sanders opens the first KFC [1930]
97%
early 1960s Martin Luther King Jr.'s "I Have a Dream" speech [1963]
97%
late 1920s Black Tuesday (Wall Street Crash) [1929]
94%
early 1900s The Wonderful Wizard of Oz written by L. Frank Baum [first published in 1900]
94%
early 1990s The show Friends debuts [1994]
91%
early 1950s The first Disneyland opens [1955]
88%
early 1940s Pearl Harbor attack [1943]
81%
late 1990s B. Clinton impeached over his statements regarding relationship with M. Lewinsky [1998]
75%
late 1980s Reykjavík Summit (R.Reagan and M. Gorbachev meet) [1986]
75%
late 1940s NATO is founded [1949]
56%
early 1920s Women's suffrage [national right gained in 1920]
50%
early 1970s The first cell phones are made by Motorola [1973]
47%
late 1910s NHL (National Hockey League) founded [1917]
28%
late 1900s Butch Cassidy killed in Bolivia [1908]
16%
late 1950s Boeing 707 introduced [1956-1958]
0%
No matching quizzes found
Score Distribution
Percent of People with Each Score
Percentile by Number Answered
Your Score History
You have not taken this quiz